Regionálna spolupráca v strednej Európe

Bibliographic Details
Main Author: Bobocká, Júlia (Author)
Format: Article
Language:Slovak
PhysicalDescription:Tab. 3, res. angl., lit. 10 zázn. v češ., slov.
ISSN:0013-3035
Subjects:

MARC

LEADER 00000nab a2200000 a 4500
001 vtls000528836
003 SK-MaSNL
005 20260305004426.0
008 250425c1994 xo 0 slo
015 |a SNBRB19rr/mm-uuuuu 
035 |a CL0528974 
035 |a urn:nbn:sk:snk-ab6rq9 
035 |a (uuid)a1fdc009-1f80-4a7f-8d99-582d26ea497f 
035 |a (urnnbn)urn:nbn:sk:snk:ar-a05h5y 
035 |a (sysno)vtls000528836 
040 |a SNKBUCL  |b slo  |c SNKBUCL  |e AACR2 
041 0 |a slo 
044 |a xo  |c SK 
080 |a 339.54.012.42(4-11):061.1  |2 1981 
100 1 |a Bobocká, Júlia  |4 aut  |9 514741 
245 1 0 |a Regionálna spolupráca v strednej Európe  |c Júlia Bobocká 
300 |b Tab. 3, res. angl., lit. 10 zázn. v češ., slov. 
650 0 7 |a voľný obchod  |2 snkbucl  |9 2199 
650 0 7 |a Stredoeurópska dohoda o voľnom obchode (CEFTA)  |2 snkbucl  |9 986853 
651 7 |a Európa stredná  |2 snkbucl  |9 23970 
655 7 |a články z novín a časopisov  |2 snkbucl  |9 267496 
773 0 |t Ekonomický časopis  |g Roč. 42, č. 7-8 (1994), s. 518-527  |x 0013-3035 
850 |a Slovenská národná knižnica 
852 |a Slovenská národná knižnica 
954 |a odborná, vedecká literatúra pôvodná (slovenská)  |2 lita 
958 |a article27 
958 |a NB 
958 |a RK 
958 |a OND 
958 |a EUIPO 
992 |a RBX 
999 |c 3235613  |d 3237543